000 00709nam a22002537a 4500
001 57806
003 UA-OsUOA
005 20201128164540.0
007 ta
008 20090112b un ||||| |||| 00| 0 ukr d
020 _a5-7745-07912
040 _aUA-OsUOA
_brus
_cUA-OsUOA
_dUA-OsUOA
041 _arus
080 _a821.161.2
090 _a821.161.2
_bБ17
100 _aБазалия О.
245 _aУнесенные веком
260 _aЛьвів
_bКаменяр
_c2007
300 _a326 с.
650 7 _a82 Література. Літературознавство
_2UDC
942 _cBK
_2udc
955 _a3
999 _c343890
_d343890